A Cap Guide Your Money And You
| Format: | Book |
|---|---|
| Language: | English |
| Published: |
Penang :
Consumers Association Of Penang ,
1986
|
| Subjects: |
MARC
| LEADER | 00000cam a2200000 7i4500 | ||
|---|---|---|---|
| 001 | 0000110781 | ||
| 005 | 20141230.0 | ||
| 008 | 141230 eng | ||
| 020 | |a 9679950239 | ||
| 090 | 0 | 0 | |a 339.42 CON |
| 245 | 1 | 0 | |a A Cap Guide Your Money And You |
| 260 | |a Penang : |b Consumers Association Of Penang , |c 1986 | ||
| 300 | |a iv,200p. : |b pic. ; |c 21cm. | ||
| 650 | 0 | 0 | |a Economic |
| 999 | |a 0000286730 |b Buku |c Rak Terbuka |e Perpustakaan Cawangan Jasin | ||